| 000 | 00753nam a2200217 u 4500 | ||
|---|---|---|---|
| 005 | 20231115063558.0 | ||
| 008 | 140408s2006 cl r 000 0 spa d | ||
| 020 | _a9583392588 | ||
| 035 | _aUPN01000196917 | ||
| 049 | _aCG | ||
| 050 | 4 |
_aB809.8 _bG3.7 |
|
| 100 | 1 |
_aGarcía Nossa, Antonio, _d1912-1982 _935432 |
|
| 245 | 1 | 3 |
_aEl realismo dialéctico en la historia : _bla crisis del marxismo como filosofía de interpretación de la historia / _cAntonio García ; pról. Pablo Guadarrama González. |
| 260 |
_aBogotá : _bHumanismo y Sociedad, _c2006. |
||
| 300 | _a243 p. | ||
| 650 | 4 |
_aMaterialismo dialéctico _94555 |
|
| 650 | 4 |
_aMATERIALISMO HISTORICO _922617 |
|
| 650 | 4 |
_aFilosofía marxista _95578 |
|
| 905 | _aLibro | ||
| 999 |
_c169018 _d169018 |
||